Library Banner

Mistakes were made (but not by me): (Record no. 90846)

MARC details
000 -LEADER
fixed length control field 00547nam a22001817a 4500
005 - DATE AND TIME OF LATEST TRANSACTION
control field 20170215094325.0
008 - FIXED-LENGTH DATA ELEMENTS--GENERAL INFORMATION
fixed length control field 170206b xxu||||| |||| 00| 0 eng d
020 ## - INTERNATIONAL STANDARD BOOK NUMBER
International Standard Book Number 9780156033909
040 ## - CATALOGING SOURCE
Transcribing agency PK-LaUMT
082 ## - DEWEY DECIMAL CLASSIFICATION NUMBER
Classification number 153
Item number TAV-M
100 ## - MAIN ENTRY--PERSONAL NAME
Personal name Tavris , Carol
245 ## - TITLE STATEMENT
Title Mistakes were made (but not by me):
Remainder of title why we justify foolish beliefs, bad decisions, and hurtful acts/
Statement of responsibility, etc Carol Tavris and Elliot Aronson
260 ## - PUBLICATION, DISTRIBUTION, ETC. (IMPRINT)
Place of publication, distribution, etc Orlando:
Name of publisher, distributor, etc A harvest book,
Date of publication, distribution, etc 2007
300 ## - PHYSICAL DESCRIPTION
Extent 292 p.
546 ## - LANGUAGE NOTE
Language note en
650 ## - SUBJECT ADDED ENTRY--TOPICAL TERM
Topical term or geographic name as entry element Cognitive dissonance
942 ## - ADDED ENTRY ELEMENTS (KOHA)
Koha item type Books
Holdings
Withdrawn status Lost status Damaged status Home library Current library Date acquired Full call number Barcode Date last seen Price effective from Koha item type
      UMT Main Campus UMT Main Campus 2017-02-06 153 TAV-M 105356 2026-05-05 2017-02-06 Books